000 00680nam a2200229 a 4500
001 11006
003 CO-ViMGA
008 141112s2004 ck r 000 u spa d
040 _aCO-ViMGA
_bspa
_cCO-ViMGA
082 0 4 _a324 S15o
100 1 _aSánchez D., Ruben
_915156
245 1 0 _aLa Organización Política y los sistemas de partidos
250 _a2
260 _aBogotá,
_cEditorial Gazeta Ltda,
_c1996
300 _a70 p. il.
490 _aEscuela de liderazgo Democrático
650 1 4 _aCOLOMBIA - Política Y GOBIERNO
650 1 4 _aFORMAS DE GOBIERNO
_915157
650 1 4 _aPARTIDOS POLITICOS COLOMBIANOS
_96854
650 1 4 _aPODER POLITICO
_915158
942 _2ddc
_cBK
999 _c22223
_d22223